000
00210nam a2200109Ia 4500
100
_a
#N/A
942
_c
BK
654
_a
software
245
_a
Softwarez@max-fun@home
260
_b
#N/A
_c
2003
546
_a
ENGLISH
999
_c
31929
_d
31929